Política económica exterior de los países desarrollados /

Guardado en:
Autor Principal: Kohl, Wilfrid
Formato: Libro
Publicado: Argentina : Troquel, 1979
Materias:
Cee
Etiquetas: Agregar Etiqueta
Sin Etiquetas, Sea el primero en etiquetar este registro!
LEADER 00556nam a22001935a 4500
001 CEM.cems003606
005 19000101000000.0
008 130507s1979##################000#0#####d
003 CEMS
082 0 4 |a 338.9 
100 1 |a Kohl, Wilfrid 
245 1 0 |a Política económica exterior de los países desarrollados / 
260 |a Argentina :  |b Troquel,  |c 1979 
300 |a 346 p. 
653 |a Cee 
653 |a Economia mundial 
653 |a Economia politica-tercer mundo 
653 |a Politica mundial 
859 |a CEMS  |b BIB. CEMS - 11 de abril  |h 338.9  |i K823  |p 12124.83  |t Ej.1